[Event "DEM U10w 2019"]
[Site "Willingen GER"]
[Date "2019.06.12"]
[Round "6"]
[White "Mirnaya, Veronika"]
[Black "Bangiev, Katharina"]
[Result "1-0"]
[Termination "normal"]
[Board "1"]
[WhiteElo "1237"]
[BlackElo "1003"]
[WhiteClock "00:10:54"]
[BlackClock "00:08:10"]
[PlyCount "81"]
[WhiteFideId "16277406"]
[BlackFideId "16267230"]
[EventCountry "GER"]
[EventRounds "11"]
[EventType "swiss"]
[EventDate "2019.06.08"]

1. e4 {[%clk 1:15:58]} 1... d6 {[%clk 1:15:52]} 2. d4 {[%clk 1:16:17]} 2... g6
{[%clk 1:16:15]} 3. Nc3 {[%clk 1:16:13]} 3... Bg7 {[%clk 1:16:29]} 4. Be3 {
[%clk 1:16:04]} 4... Nf6 {[%clk 1:16:42]} 5. f3 {[%clk 1:15:38]} 5... O-O {
[%clk 1:16:36]} 6. Qd2 {[%clk 1:14:45]} 6... Nc6 {[%clk 1:16:03]} 7. O-O-O {
[%clk 1:14:16]} 7... e5 {[%clk 1:15:49]} 8. d5 {[%clk 1:14:00]} 8... Ne7 {
[%clk 1:15:45]} 9. Bh6 {[%clk 1:12:11]} 9... Qd7 {[%clk 1:12:38]} 10. h4 {
[%clk 1:11:07]} 10... Rd8 {[%clk 1:08:32]} 11. Bxg7 {[%clk 1:07:55]} 11... Kxg7
{[%clk 1:08:36]} 12. h5 {[%clk 1:07:50]} 12... Nxh5 {[%clk 1:07:35]} 13. g4 {
[%clk 1:07:21]} 13... Nf4 {[%clk 1:06:52]} 14. Qh2 {[%clk 1:04:53]} 14... Rh8 {
[%clk 1:06:05]} 15. Nce2 {[%clk 1:02:28]} 15... Nxe2+ {[%clk 1:05:02]} 16. Bxe2
{[%clk 1:02:41]} 16... c6 {[%clk 1:03:33]} 17. Nh3 {[%clk 1:01:49]} 17... f6 {
[%clk 1:02:33]} 18. g5 {[%clk 1:00:52]} 18... f5 {[%clk 1:00:39]} 19. exf5 {
[%clk 0:59:30]} 19... Nxf5 {[%clk 1:00:07]} 20. Bd3 {[%clk 0:59:12]} 20... cxd5
{[%clk 0:59:15]} 21. Bxf5 {[%clk 0:58:54]} 21... Qxf5 {[%clk 0:59:35]} 22. Qg2
{[%clk 0:50:24]} 22... d4 {[%clk 0:57:42]} 23. Nf2 {[%clk 0:50:16]} 23... d5 {
[%clk 0:54:05]} 24. Qg3 {[%clk 0:40:45]} 24... Be6 {[%clk 0:52:31]} 25. Qh4 {
[%clk 0:37:37]} 25... Qxf3 {[%clk 0:46:47]} 26. Qh6+ {[%clk 0:36:34]} 26... Kf7
{[%clk 0:40:24]} 27. Nd3 {[%clk 0:33:45]} 27... Qe3+ {[%clk 0:37:21]} 28. Kb1 {
[%clk 0:34:02]} 28... Rag8 {[%clk 0:28:42]} 29. Rde1 {[%clk 0:29:24]} 29... Qg3
{[%clk 0:27:45]} 30. Rhf1+ {[%clk 0:28:11]} 30... Ke7 {[%clk 0:27:55]} 31. Rxe5
{[%clk 0:28:24]} 31... Kd6 {[%clk 0:26:59]} 32. Rf6 {[%clk 0:27:00]} 32... Re8
{[%clk 0:26:19]} 33. Qg7 {[%clk 0:26:38]} 33... Qg1+ {[%clk 0:25:26]} 34. Re1 {
[%clk 0:26:58]} 34... Qxg5 {[%clk 0:25:37]} 35. Ref1 {[%clk 0:25:05]} 35... Rb8
{[%clk 0:17:18]} 36. Qf7 {[%clk 0:13:22]} 36... Rhe8 {[%clk 0:14:06]} 37. Nf4 {
[%clk 0:12:26]} 37... Re7 {[%clk 0:10:17]} 38. Rxe6+ {[%clk 0:11:13]} 38...
Rxe6 {[%clk 0:08:57]} 39. Qxe6+ {[%clk 0:11:26]} 39... Kc5 {[%clk 0:08:39]} 40.
b3 {[%clk 0:10:40]} 40... Rf8 {[%clk 0:08:10]} 41. Nd3+ {[%clk 0:10:54]} 1-0

[Event "DEM U10w 2019"]
[Site "Willingen GER"]
[Date "2019.06.12"]
[Round "6"]
[White "Glotz, Diana"]
[Black "Oellrich, Emma"]
[Result "1-0"]
[Termination "normal"]
[Board "3"]
[WhiteElo "1244"]
[BlackElo "1484"]
[WhiteClock "00:49:04"]
[BlackClock "01:11:27"]
[PlyCount "49"]
[WhiteFideId "16278500"]
[BlackFideId "16268806"]
[EventCountry "GER"]
[EventRounds "11"]
[EventType "swiss"]
[EventDate "2019.06.08"]

1. c4 e5 2. Nc3 Nc6 3. g3 f5 4. Bg2 Nf6 5. d3 Bb4 6. Bg5 Bxc3+ 7. bxc3 O-O 8.
Bxf6 Qxf6 9. Qd2 f4 10. Nf3 Re8 11. O-O fxg3 12. fxg3 Qe7 13. Rab1 e4 14. dxe4
Qxe4 15. Ng5 Qe7 16. Bd5+ Kh8 17. Nf7+ Kg8 18. Nd6+ Kh8 19. Nxe8 Qxe8 20. Qf4
h6 21. Qf8+ Qxf8 22. Rxf8+ Kh7 23. Be4+ g6 24. Rbf1 Ne5 25. Re8 1-0

[Event "DEM U10w 2019"]
[Site "Willingen GER"]
[Date "2019.06.12"]
[Round "6"]
[White "Pröttel, Ela"]
[Black "Moldovan, Tatiana"]
[Result "0-1"]
[Termination "normal"]
[Board "4"]
[WhiteElo "1333"]
[BlackElo "1269"]
[WhiteClock "00:08:23"]
[BlackClock "00:48:47"]
[PlyCount "136"]
[WhiteFideId "44582749"]
[BlackFideId "16287398"]
[EventCountry "GER"]
[EventRounds "11"]
[EventType "swiss"]
[EventDate "2019.06.08"]

1. d4 {[%clk 1:15:57]} 1... Nf6 {[%clk 1:15:55]} 2. c4 {[%clk 1:16:08]} 2... e6
{[%clk 1:16:12]} 3. Nf3 {[%clk 1:16:05]} 3... c5 {[%clk 1:16:10]} 4. d5 { [%clk
1:13:07]} 4... exd5 {[%clk 1:16:23]} 5. cxd5 {[%clk 1:13:20]} 5... b6 { [%clk
1:16:33]} 6. Nc3 {[%clk 1:12:48]} 6... Bb7 {[%clk 1:16:50]} 7. e4 { [%clk
1:12:55]} 7... d6 {[%clk 1:16:47]} 8. Bb5+ {[%clk 1:11:53]} 8... Nbd7 { [%clk
1:16:57]} 9. Bxd7+ 9... Qxd7 {[%clk 1:16:55]} 10. Qd3 {[%clk 1:01:03]} 10...
Be7 {[%clk 1:11:51]} 11. O-O {[%clk 1:00:24]} 11... O-O {[%clk 1:12:13]} 12.
Bg5 {[%clk 1:00:10]} 12... Ne8 {[%clk 1:11:11]} 13. Bxe7 {[%clk 0:59:21]} 13...
Qxe7 {[%clk 1:11:23]} 14. Rfe1 {[%clk 0:57:53]} 14... f6 {[%clk 1:10:57]} 15.
Rac1 {[%clk 0:56:03]} 15... Rc8 {[%clk 1:10:19]} 16. a4 {[%clk 0:53:05]} 16...
Nc7 {[%clk 1:02:14]} 17. Qc4 {[%clk 0:48:50]} 17... Kh8 {[%clk 1:01:20]} 18.
Qb3 {[%clk 0:48:19]} 18... Rb8 {[%clk 0:58:19]} 19. Nh4 {[%clk 0:42:32]} 19...
Qf7 {[%clk 0:55:32]} 20. Nf5 {[%clk 0:41:47]} 20... Rfd8 {[%clk 0:51:10]} 21.
f4 {[%clk 0:33:05]} 21... Qe8 {[%clk 0:45:33]} 22. Rcd1 {[%clk 0:26:13]} 22...
Bc8 {[%clk 0:44:27]} 23. Nb5 {[%clk 0:19:31]} 23... Nxb5 {[%clk 0:44:20]} 24.
axb5 {[%clk 0:18:17]} 24... Bxf5 {[%clk 0:43:51]} 25. exf5 {[%clk 0:18:23]}
25... Qd7 {[%clk 0:43:54]} 26. Re6 {[%clk 0:17:19]} 26... Re8 {[%clk 0:44:00]}
27. Rde1 {[%clk 0:16:22]} 27... Red8 {[%clk 0:41:04]} 28. Re7 {[%clk 0:15:25]}
28... Qxf5 {[%clk 0:41:23]} 29. Qe3 {[%clk 0:11:41]} 29... Qxd5 {[%clk 0:41:35]
} 30. Re8+ {[%clk 0:08:51]} 30... Rxe8 {[%clk 0:41:54]} 31. Qxe8+ { [%clk
0:08:25]} 31... Rxe8 {[%clk 0:42:13]} 32. Rxe8+ {[%clk 0:08:47]} 32... Qg8
{[%clk 0:42:36]} 33. Rxg8+ {[%clk 0:09:06]} 33... Kxg8 {[%clk 0:43:01]} 34. Kf2
{[%clk 0:09:24]} 34... Kf7 {[%clk 0:43:25]} 35. f5 {[%clk 0:09:31]} 35... g6
{[%clk 0:43:46]} 36. g4 {[%clk 0:09:51]} 36... gxf5 {[%clk 0:43:44]} 37. gxf5
{[%clk 0:10:15]} 37... Ke7 {[%clk 0:43:59]} 38. Kg3 {[%clk 0:10:12]} 38... Kf7
{[%clk 0:44:16]} 39. h4 {[%clk 0:09:26]} 39... h5 {[%clk 0:44:32]} 40. Kf4
{[%clk 0:09:31]} 40... d5 {[%clk 0:44:32]} 41. Ke3 {[%clk 0:09:13]} 41... Ke7 {
[%clk 0:44:50]} 42. b3 {[%clk 0:08:32]} 42... Kd6 {[%clk 0:45:03]} 43. Kf4 {
[%clk 0:08:17]} 43... c4 {[%clk 0:45:16]} 44. b4 {[%clk 0:06:34]} 44... c3 {
[%clk 0:45:10]} 45. Ke3 {[%clk 0:06:31]} 45... d4+ {[%clk 0:45:23]} 46. Kd3 {
[%clk 0:06:34]} 46... Kd5 {[%clk 0:45:24]} 47. Kc2 {[%clk 0:06:28]} 47... Kc4 {
[%clk 0:45:20]} 48. Kc1 {[%clk 0:05:57]} 48... Kb3 {[%clk 0:45:25]} 49. Kb1 {
[%clk 0:05:26]} 49... d3 {[%clk 0:45:31]} 50. Kc1 {[%clk 0:05:15]} 50... c2 {
[%clk 0:45:41]} 51. Kd2 {[%clk 0:05:33]} 51... Kb2 {[%clk 0:46:00]} 52. Kxd3 {
[%clk 0:05:50]} 52... c1=Q {[%clk 0:45:59]} 53. Ke4 {[%clk 0:06:07]} 53... Qc4+
{[%clk 0:46:01]} 54. Kf3 {[%clk 0:05:56]} 54... Qxb4 {[%clk 0:46:25]} 55. Ke3 {
[%clk 0:06:11]} 55... Qxb5 {[%clk 0:46:36]} 56. Ke4 {[%clk 0:06:27]} 56... Qe5+
{[%clk 0:46:57]} 57. Kd3 {[%clk 0:06:32]} 57... Qxf5+ {[%clk 0:47:18]} 58. Ke3
{[%clk 0:06:45]} 58... a5 {[%clk 0:47:33]} 59. Kd4 {[%clk 0:06:33]} 59... a4 {
[%clk 0:47:52]} 60. Ke3 {[%clk 0:06:52]} 60... a3 {[%clk 0:48:19]} 61. Kd4 {
[%clk 0:06:38]} 61... a2 {[%clk 0:48:18]} 62. Ke3 {[%clk 0:06:51]} 62... a1=R {
[%clk 0:48:08]} 63. Kd4 {[%clk 0:07:19]} 63... Rd1+ {[%clk 0:48:31]} 64. Ke3 {
[%clk 0:07:23]} 64... Rd3+ {[%clk 0:48:41]} 65. Ke2 {[%clk 0:07:33]} 65... Qe4+
{[%clk 0:48:43]} 66. Kf2 {[%clk 0:07:42]} 66... Rf3+ {[%clk 0:49:06]} 67. Kg2 {
[%clk 0:08:03]} 67... Qg4+ {[%clk 0:49:07]} 68. Kh2 {[%clk 0:08:23]} 68... Rh3#
{[%clk 0:48:47]} 0-1

[Event "DEM U10w 2019"]
[Site "Willingen GER"]
[Date "2019.06.12"]
[Round "6"]
[White "Czäczine, Paula"]
[Black "Lichtenegger, Katharina"]
[Result "0-1"]
[Termination "normal"]
[Board "5"]
[WhiteElo "1170"]
[BlackElo "1238"]
[WhiteClock "00:56:31"]
[BlackClock "00:35:08"]
[PlyCount "72"]
[WhiteFideId "16249305"]
[BlackFideId "16287355"]
[EventCountry "GER"]
[EventRounds "11"]
[EventType "swiss"]
[EventDate "2019.06.08"]

1. e4 {[%clk 1:15:59]} 1... e5 {[%clk 1:15:52]} 2. Nf3 {[%clk 1:16:23]} 2...
Nc6 {[%clk 1:16:11]} 3. d4 {[%clk 1:16:45]} 3... exd4 {[%clk 1:16:32]} 4. Nxd4
{[%clk 1:17:06]} 4... Nf6 {[%clk 1:16:56]} 5. Nxc6 {[%clk 1:17:24]} 5... bxc6 {
[%clk 1:17:10]} 6. e5 {[%clk 1:17:41]} 6... Qe7 {[%clk 1:17:20]} 7. Qe2 { [%clk
1:18:00]} 7... Nd5 {[%clk 1:17:34]} 8. c4 {[%clk 1:18:18]} 8... Ba6 { [%clk
1:17:42]} 9. b3 {[%clk 1:18:38]} 9... g6 {[%clk 1:17:42]} 10. f4 { [%clk
1:18:46]} 10... Bg7 {[%clk 1:17:18]} 11. Qf2 {[%clk 1:18:10]} 11... Nb6 { [%clk
1:12:57]} 12. Be2 {[%clk 1:16:01]} 12... d6 {[%clk 1:11:28]} 13. c5 { [%clk
1:13:42]} 13... Bxe2 {[%clk 1:10:46]} 14. cxb6 {[%clk 1:12:20]} 14... Ba6
{[%clk 1:09:45]} 15. Qf3 {[%clk 1:08:45]} 15... Bb7 {[%clk 1:07:59]} 16. O-O {
[%clk 1:07:38]} 16... O-O {[%clk 1:06:13]} 17. Bb2 17... dxe5 {[%clk 1:04:29]}
18. fxe5 {[%clk 1:04:30]} 18... Bxe5 {[%clk 1:03:02]} 19. Ba3 {[%clk 1:03:51]}
19... Qh4 {[%clk 0:57:50]} 20. h3 {[%clk 1:02:31]} 20... Bxa1 {[%clk 0:55:09]}
21. Bxf8 {[%clk 1:02:09]} 21... Rxf8 {[%clk 0:54:45]} 22. bxc7 {[%clk 1:00:55]}
22... Qe7 {[%clk 0:53:56]} 23. Nd2 {[%clk 1:00:33]} 23... Bd4+ {[%clk 0:52:07]}
24. Kh1 {[%clk 1:00:03]} 24... Qxc7 {[%clk 0:51:19]} 25. Ne4 {[%clk 0:59:50]}
25... c5 {[%clk 0:49:09]} 26. Qd3 {[%clk 0:59:32]} 26... Qc6 {[%clk 0:47:54]}
27. Re1 {[%clk 0:57:53]} 27... f5 {[%clk 0:46:11]} 28. Qc4+ {[%clk 0:57:57]}
28... Kg7 {[%clk 0:40:27]} 29. Qe2 {[%clk 0:57:33]} 29... fxe4 {[%clk 0:39:59]}
30. Qg4 {[%clk 0:56:17]} 30... Qf6 {[%clk 0:37:05]} 31. Qd7+ {[%clk 0:56:26]}
31... Rf7 {[%clk 0:36:48]} 32. Qg4 {[%clk 0:56:16]} 32... Be5 {[%clk 0:36:10]}
33. Qe2 {[%clk 0:55:50]} 33... Qf4 {[%clk 0:35:37]} 34. g4 {[%clk 0:55:54]}
34... e3+ {[%clk 0:35:02]} 35. Kg1 {[%clk 0:56:12]} 35... Qg3+ {[%clk 0:35:04]}
36. Qg2 {[%clk 0:56:31]} 36... Qxg2# {[%clk 0:35:08]} 0-1

[Event "DEM U10w 2019"]
[Site "Willingen GER"]
[Date "2019.06.12"]
[Round "6"]
[White "Bakó, Isabella"]
[Black "Haug, Mara"]
[Result "0-1"]
[Termination "normal"]
[Board "6"]
[WhiteElo "1215"]
[BlackElo "1097"]
[WhiteClock "00:06:18"]
[BlackClock "00:10:34"]
[PlyCount "120"]
[WhiteFideId "16287266"]
[BlackFideId "16259300"]
[EventCountry "GER"]
[EventRounds "11"]
[EventType "swiss"]
[EventDate "2019.06.08"]

1. e4 {[%clk 1:15:30]} 1... e5 {[%clk 1:15:30]} 2. Nf3 {[%clk 1:15:45]} 2...
Nc6 {[%clk 1:15:48]} 3. d4 {[%clk 1:16:00]} 3... exd4 {[%clk 1:15:21]} 4. c3 {
[%clk 1:16:21]} 4... dxc3 {[%clk 1:07:46]} 5. Bc4 {[%clk 1:16:07]} 5... Qf6 {
[%clk 0:59:03]} 6. Nxc3 {[%clk 1:12:20]} 6... Bc5 {[%clk 0:56:14]} 7. Bg5 {
[%clk 0:59:38]} 7... Qd6 {[%clk 0:48:31]} 8. O-O {[%clk 0:56:40]} 8... Nf6 {
[%clk 0:45:15]} 9. e5 {[%clk 0:49:50]} 9... Nxe5 {[%clk 0:42:54]} 10. Re1 {
[%clk 0:48:31]} 10... Nfg4 {[%clk 0:37:39]} 11. Ne4 {[%clk 0:42:30]} 11...
Nxf3+ {[%clk 0:33:32]} 12. Kf1 {[%clk 0:27:52]} 12... Ngxh2+ {[%clk 0:30:49]}
13. Ke2 {[%clk 0:25:43]} 13... Nd4+ {[%clk 0:29:36]} 14. Kd3 {[%clk 0:19:48]}
14... Qg6 {[%clk 0:25:39]} 15. Kc3 {[%clk 0:16:37]} 15... O-O {[%clk 0:24:30]}
16. Nxc5 {[%clk 0:14:49]} 16... Qxg5 {[%clk 0:22:08]} 17. Qxd4 {[%clk 0:12:31]}
17... d6 {[%clk 0:21:19]} 18. Ne4 {[%clk 0:11:55]} 18... Qa5+ {[%clk 0:18:27]}
19. Kc2 {[%clk 0:10:52]} 19... Qa4+ {[%clk 0:17:19]} 20. Kd3 {[%clk 0:08:55]}
20... Bf5 {[%clk 0:16:19]} 21. Re3 {[%clk 0:08:27]} 21... b5 {[%clk 0:14:33]}
22. Bxf7+ {[%clk 0:06:01]} 22... Rxf7 {[%clk 0:14:33]} 23. Qxa4 {[%clk 0:06:21]
} 23... bxa4 {[%clk 0:14:59]} 24. Rh1 {[%clk 0:06:16]} 24... Ng4 { [%clk
0:14:54]} 25. Rf3 {[%clk 0:06:04]} 25... Bxe4+ {[%clk 0:15:12]} 26. Kxe4 {[%clk
0:06:23]} 26... Rxf3 {[%clk 0:15:22]} 27. Kxf3 {[%clk 0:06:41]} 27... Ne5+
{[%clk 0:15:36]} 28. Ke4 {[%clk 0:07:01]} 28... Rb8 {[%clk 0:15:58]} 29. Rc1
{[%clk 0:07:11]} 29... c6 {[%clk 0:14:52]} 30. f4 {[%clk 0:07:28]} 30... Rb4+
{[%clk 0:13:44]} 31. Kf5 {[%clk 0:07:35]} 31... g6+ {[%clk 0:13:13]} 32. Kf6
{[%clk 0:07:58]} 32... Rxf4+ {[%clk 0:12:46]} 33. Ke6 {[%clk 0:08:10]} 33...
Rd4 {[%clk 0:12:07]} 34. Rf1 {[%clk 0:08:03]} 34... Rd2 {[%clk 0:11:43]} 35.
Rf4 {[%clk 0:07:10]} 35... a3 {[%clk 0:10:39]} 36. bxa3 {[%clk 0:07:15]} 36...
Rxa2 {[%clk 0:10:58]} 37. Ra4 {[%clk 0:07:27]} 37... c5 {[%clk 0:10:28]} 38.
Kxd6 {[%clk 0:07:45]} 38... Nd3 {[%clk 0:10:48]} 39. Rxa7 {[%clk 0:07:31]}
39... c4 {[%clk 0:09:34]} 40. Rc7 {[%clk 0:06:54]} 40... Rxa3 {[%clk 0:09:22]}
41. Rxc4 {[%clk 0:07:06]} 41... Ra2 {[%clk 0:06:55]} 42. g4 {[%clk 0:06:58]}
42... Rg2 {[%clk 0:06:44]} 43. Ke6 {[%clk 0:06:56]} 43... Kg7 {[%clk 0:06:22]}
44. Rd4 {[%clk 0:06:46]} 44... Nf2 {[%clk 0:04:45]} 45. Rd7+ {[%clk 0:05:44]}
45... Kh6 {[%clk 0:04:49]} 46. Kf6 {[%clk 0:05:45]} 46... Nxg4+ {[%clk 0:04:59]
} 47. Ke6 {[%clk 0:05:50]} 47... Re2+ {[%clk 0:05:07]} 48. Kd5 {[%clk 0:06:01]}
48... Nf6+ {[%clk 0:05:27]} 49. Kd6 {[%clk 0:06:09]} 49... Nxd7 {[%clk 0:05:50]
} 50. Kxd7 {[%clk 0:06:28]} 50... g5 {[%clk 0:06:17]} 51. Kd6 {[%clk 0:06:35]}
51... g4 {[%clk 0:06:43]} 52. Kd5 {[%clk 0:06:43]} 52... g3 {[%clk 0:07:06]}
53. Kd4 {[%clk 0:06:39]} 53... g2 {[%clk 0:07:32]} 54. Kd3 {[%clk 0:05:48]}
54... Re8 {[%clk 0:07:58]} 55. Kd4 {[%clk 0:05:34]} 55... g1=Q+ {[%clk 0:08:21]
} 56. Kd5 {[%clk 0:05:37]} 56... Qd1+ {[%clk 0:08:46]} 57. Kc6 {[%clk 0:05:54]}
57... Rc8+ {[%clk 0:09:15]} 58. Kb7 58... Rc2 {[%clk 0:09:41]} 59. Kb6 { [%clk
0:06:07]} 59... Qb1+ {[%clk 0:10:08]} 60. Ka5 {[%clk 0:06:18]} 60... Ra2#
{[%clk 0:10:34]} 0-1

[Event "DEM U10w 2019"]
[Site "Willingen GER"]
[Date "2019.06.12"]
[Round "6"]
[White "Vöcking, Julia"]
[Black "Trunz, Tamila"]
[Result "0-1"]
[Termination "normal"]
[Board "7"]
[WhiteElo "812"]
[BlackElo "1273"]
[PlyCount "84"]
[WhiteFideId "16287444"]
[BlackFideId "16267885"]
[EventCountry "GER"]
[EventRounds "11"]
[EventType "swiss"]
[EventDate "2019.06.08"]

1. e4 c5 2. d3 d6 3. Nf3 Nc6 4. g3 g6 5. Bg2 Bg7 6. O-O e6 7. Re1 Nge7 8. Nbd2
O-O 9. Nf1 Rb8 10. Be3 b5 11. Qd2 Bxb2 12. Rab1 Bg7 13. Bh6 b4 14. h4 Bc3 15.
Qg5 f6 16. Qg4 e5 17. Qxc8 Qxc8 18. Bxf8 Bxe1 19. Bh6 Bc3 20. Kh2 Nd4 21. Nxd4
Bxd4 22. Bh3 f5 23. f3 Qa6 24. g4 Qxa2 25. Rc1 b3 26. Nd2 Bc3 27. Nxb3 Rxb3 28.
gxf5 gxf5 29. exf5 Rb1 30. f6 Ng6 31. Bd7 Rxc1 32. Be8 Qxc2+ 33. Kh3 Rh1+ 34.
Kg4 Qg2+ 35. Kf5 Qxf3+ 36. Ke6 Qg4+ 37. Kd5 Nf4+ 38. Kc6 Qc8+ 39. Kb5 Rb1+ 40.
Kc4 Qa6+ 41. Bb5 Qxb5+ 42. Kxc3 Qxd3# 0-1

[Event "DEM U10w 2019"]
[Site "Willingen GER"]
[Date "2019.06.12"]
[Round "6"]
[White "Bakó, Evelin"]
[Black "Moradi, Yassaman"]
[Result "0-1"]
[Termination "normal"]
[Board "8"]
[WhiteElo "1152"]
[BlackElo "1174"]
[PlyCount "74"]
[WhiteFideId "16271823"]
[BlackFideId "16279964"]
[EventCountry "GER"]
[EventRounds "11"]
[EventType "swiss"]
[EventDate "2019.06.08"]

1. e4 c5 2. Nf3 d6 3. d4 cxd4 4. Qxd4 Nc6 5. Bb5 Qa5+ 6. Bd2 Qxb5 7. Qe3 Nf6 8.
Bc3 Nb4 9. Na3 Qc5 10. Qd2 a5 11. O-O-O Nxa2+ 12. Kb1 Nxe4 13. Qd4 Naxc3+ 14.
Ka1 Nxd1 15. Qxc5 dxc5 16. Rxd1 Nxf2 17. Rd2 Ne4 18. Rd1 e6 19. Nb5 Ke7 20. Ne5
g6 21. Re1 f5 22. g4 Bg7 23. Nc4 h5 24. gxf5 gxf5 25. c3 Bd7 26. Nba3 b5 27.
Nb6 Rab8 28. Nxd7 Kxd7 29. Rd1+ Ke7 30. h4 f4 31. b4 axb4 32. Kb2 bxa3+ 33. Kb3
f3 34. c4 f2 35. Kxa3 bxc4 36. Rf1 Rhf8 37. Ka2 Nd2 0-1

[Event "DEM U10w 2019"]
[Site "Willingen GER"]
[Date "2019.06.12"]
[Round "6"]
[White "Jannicke, Svea"]
[Black "Heutling, Sarah"]
[Result "1-0"]
[Termination "normal"]
[Board "9"]
[WhiteElo "1062"]
[BlackElo "1147"]
[PlyCount "101"]
[WhiteFideId "16287320"]
[BlackFideId "16287304"]
[EventCountry "GER"]
[EventRounds "11"]
[EventType "swiss"]
[EventDate "2019.06.08"]

1. d4 Nf6 2. Bf4 d5 3. e3 Bf5 4. Bd3 Bg6 5. c3 Nc6 6. h3 e6 7. Qe2 Bd6 8. Bxd6
Qxd6 9. Nf3 O-O 10. Bxg6 fxg6 11. Nbd2 Rae8 12. O-O Ne4 13. Nxe4 dxe4 14. Ng5
Qd5 15. f4 h6 16. c4 Qf5 17. g4 Qf6 18. Nxe4 Qh4 19. Rf3 Rf7 20. Qf2 Qe7 21.
Rf1 Ref8 22. g5 h5 23. Qe2 Qd7 24. Qg2 Nxd4 25. exd4 Qxd4+ 26. Nf2 Rxf4 27.
Rxf4 Rxf4 28. Qxb7 Qxc4 29. Qxa7 Rf5 30. Qe3 Qxa2 31. Nh1 Rb5 32. Qd3 Rxb2 33.
Rf2 Rb1+ 34. Rf1 Qa7+ 35. Nf2 Rb4 36. Qxg6 Rh4 37. Qe8+ Kh7 38. Qxe6 c5 39. g6+
Kh6 40. Qe3+ Kxg6 41. Qg3+ Rg4 42. hxg4 hxg4 43. Qxg4+ Kf7 44. Ne4+ Kg8 45.
Nf6+ Kf7 46. Nd7+ Ke7 47. Re1+ Kd8 48. Qxg7 c4+ 49. Kf1 c3 50. Re8+ Kxe8 51.
Nf6+ 1-0

[Event "DEM U10w 2019"]
[Site "Willingen GER"]
[Date "2019.06.12"]
[Round "6"]
[White "Schülke, Rosalie"]
[Black "Halas, Neele Zoe"]
[Result "1/2-1/2"]
[Termination "normal"]
[Board "10"]
[WhiteElo "995"]
[BlackElo "1109"]
[PlyCount "103"]
[WhiteFideId "16287436"]
[BlackFideId "16287282"]
[EventCountry "GER"]
[EventRounds "11"]
[EventType "swiss"]
[EventDate "2019.06.08"]

1. e4 e5 2. Nf3 Nc6 3. Bc4 Bc5 4. O-O Nf6 5. d4 Bxd4 6. Nxd4 Nxd4 7. f4 d6 8.
fxe5 dxe5 9. c3 Be6 10. Bxe6 Nxe6 11. Qxd8+ Rxd8 12. Nd2 Rd3 13. Nc4 Ng4 14. a4
f6 15. h3 Nh6 16. Bxh6 gxh6 17. Rxf6 Nc5 18. Nxe5 Re3 19. Rxh6 Rxe4 20. b4 Rxe5
21. bxc5 Rxc5 22. Re1+ Kf7 23. Rf1+ Kg7 24. Rhf6 Rxc3 25. Rf7+ Kg6 26. R1f6+
Kg5 27. Rf5+ Kh6 28. R5f6+ Kh5 29. Rf5+ Kh4 30. Rf4+ Kg5 31. R4f5+ Kg6 32.
R5f6+ Kg5 33. Rf5+ Kg6 34. R5f6+ Kh5 35. Rf5+ Kh6 36. R5f6+ Kg5 37. Rf5+ Kh6
38. R5f6+ Kh5 39. Rf5+ Kg6 40. R5f6+ Kg5 41. Rf5+ Kg6 42. R5f6+ Kh5 43. Rf5+
Kh6 44. R5f6+ Kh5 45. Rf5+ Kg6 46. R5f6+ Kh5 47. Rf5+ Kh6 48. R5f6+ Kh5 49.
Rf5+ Kh4 50. Rf4+ Kg5 51. R4f5+ Kg6 52. R5f6+ 1/2-1/2

[Event "DEM U10w 2019"]
[Site "Willingen GER"]
[Date "2019.06.12"]
[Round "6"]
[White "Neininger, Sarah"]
[Black "Struebel, Katharina"]
[Result "1/2-1/2"]
[Termination "normal"]
[Board "11"]
[WhiteElo "920"]
[BlackElo "852"]
[PlyCount "120"]
[WhiteFideId "16287410"]
[BlackFideId "16284879"]
[EventCountry "GER"]
[EventRounds "11"]
[EventType "swiss"]
[EventDate "2019.06.08"]

1. e4 e5 2. Nf3 Nc6 3. d4 exd4 4. Bc4 Nf6 5. O-O Be7 6. c3 dxc3 7. Nxc3 O-O 8.
Bf4 d6 9. h3 Be6 10. Bxe6 fxe6 11. Qb3 Qd7 12. Ng5 Nd4 13. Qd1 e5 14. Be3 h6
15. Nf3 Nb5 16. a4 Nxc3 17. bxc3 Nxe4 18. Qd5+ Rf7 19. Qxe4 Qe6 20. Qxb7 Raf8
21. Rab1 Rf6 22. Bxa7 Rg6 23. Qe4 Kh7 24. Nh4 Rf4 25. Qxg6+ Qxg6 26. Nxg6 Kxg6
27. g3 Rf3 28. c4 e4 29. Rfe1 Ra3 30. Rxe4 Rxa4 31. Rxe7 Rxa7 32. f4 Ra3 33.
Kg2 Rc3 34. g4 Rxc4 35. Kg3 Kf6 36. Re3 d5 37. f5 d4 38. Re6+ Kf7 39. Kf4 d3+
40. Ke5 d2 41. Rd1 Rc2 42. f6 gxf6+ 43. Rxf6+ Kg7 44. h4 c5 45. g5 hxg5 46.
hxg5 c4 47. Rc6 c3 48. Kf5 Rc1 49. Rc7+ Kf8 50. Kf6 Ke8 51. Ke6 Kd8 52. Kd6
Rxd1 53. Rb7 Kc8 54. g6 Kxb7 55. g7 c2 56. g8=Q c1=Q 57. Qb3+ Kc8 58. Qg8+ Kb7
59. Qb3+ Ka6 60. Qa4+ Kb7 1/2-1/2

[Event "DEM U10w 2019"]
[Site "Willingen GER"]
[Date "2019.06.12"]
[Round "6"]
[White "Müller, Riyanna"]
[Black "Moldovan, Stela"]
[Result "0-1"]
[Termination "normal"]
[Board "12"]
[WhiteElo "918"]
[BlackElo "1193"]
[PlyCount "82"]
[WhiteFideId "16287401"]
[BlackFideId "16287380"]
[EventCountry "GER"]
[EventRounds "11"]
[EventType "swiss"]
[EventDate "2019.06.08"]

1. e4 c5 2. Nc3 a6 3. a4 e6 4. f4 Nc6 5. Nf3 Nge7 6. Bc4 Qc7 7. e5 Ng6 8. O-O
Nxf4 9. Qe1 Ng6 10. d3 Ncxe5 11. Nxe5 Qxe5 12. Qf2 f6 13. Re1 Qd4 14. Re2 Qxf2+
15. Rxf2 d5 16. Bb3 c4 17. dxc4 Bc5 18. cxd5 Bxf2+ 19. Kxf2 Ke7 20. dxe6 Bxe6
21. Bxe6 Kxe6 22. Be3 Ne5 23. Bd4 Rhd8 24. Ne2 Ng4+ 25. Kg3 Ne5 26. Rd1 Rac8
27. c3 b5 28. a5 b4 29. cxb4 Rc2 30. Nf4+ Kf5 31. h4 Rxb2 32. Bxb2 Rxd1 33. Nh3
Rd3+ 34. Kh2 Rb3 35. Ba1 Rxb4 36. Bc3 Rc4 37. Bb2 Kg4 38. g3 Rc2+ 39. Kg1 Rxb2
40. Nf2+ Kxg3 41. Kf1 Rxf2+ 0-1